Statistics for NFL Super Bowl By Score

Click here to take the quiz!

General Stats

  • This quiz has been taken 137 times
  • The average score is 52 of 104

Answer Stats

HintFinal/WinnerLosing Team% Correct
Super Bowl I WinnerPackersChiefs
91%
Super Bowl II WinnerPackersRaiders
91%
Super Bowl XLV WinnerPackersSteelers
91%
Super Bowl XXXI WinnerPackersPatriots
91%
Super Bowl XXXIX WinnerPatriotsEagles
81%
Super Bowl LI WinnerPatriotsFalcons
81%
Super Bowl XXXVIII WinnerPatriotsPanthers
81%
Super Bowl XLIX WinnerPatriotsSeahawks
81%
Super Bowl XXXVI WinnerPatriotsRams
81%
Super Bowl IV WinnerChiefsVikings
78%
Super Bowl XXXII WinnerBroncosPackers
75%
Super Bowl 50 WinnerBroncosPanthers
75%
Super Bowl XXXIII WinnerBroncosFalcons
75%
Super Bowl XXXIV WinnerRamsTitans
75%
Super Bowl XVI Winner49ersBengals
74%
Super Bowl XIX Winner49ersDolphins
74%
Super Bowl XXIII Winner49ersBengals
74%
Super Bowl XXIX Winner49ersChargers
74%
Super Bowl XXIV Winner49ersBroncos
74%
Super Bowl XXX WinnerCowboysSteelers
74%
Super Bowl VI WinnerCowboysDolphins
74%
Super Bowl XXVIII WinnerCowboysBills
74%
Super Bowl XXVII WinnerCowboysBills
74%
Super Bowl XII WinnerCowboysBroncos
74%
Super Bowl LII WinnerEaglesPatriots
74%
Super Bowl XIII WinnerSteelersCowboys
72%
Super Bowl X WinnerSteelersCowboys
72%
Super Bowl XL WinnerSteelersSeahawks
72%
Super Bowl XLIII WinnerSteelersCardinals
72%
Super Bowl IX WinnerSteelersVikings
72%
Super Bowl XIV WinnerSteelersRams
72%
Super Bowl V WinnerColtsCowboys
71%
Super Bowl XLI WinnerColtsBears
71%
Super Bowl XLVIII WinnerSeahawksBroncos
69%
Super Bowl VIII WinnerDolphinsVikings
68%
Super Bowl VII WinnerDolphinsRedskins
68%
Super Bowl XXI WinnerGiantsBroncos
68%
Super Bowl XLII WinnerGiantsPatriots
68%
Super Bowl XXV WinnerGiantsBills
68%
Super Bowl XLVI WinnerGiantsPatriots
68%
Super Bowl XXII WinnerRedskinsBroncos
68%
Super Bowl XXVI WinnerRedskinsBills
68%
Super Bowl XVII WinnerRedskinsDolphins
68%
Super Bowl XX WinnerBearsPatriots
67%
Super Bowl XI WinnerRaidersVikings
67%
Super Bowl XV WinnerRaidersEagles
67%
Super Bowl XVIII WinnerRaidersRedskins
67%
Super Bowl XLVII WinnerRavens49ers
67%
Super Bowl XXXV WinnerRavensGiants
67%
Super Bowl XLIV WinnerSaintsColts
65%
Super Bowl III WinnerJetsColts
64%
Super Bowl XXXVII WinnerBuccaneersRaiders
62%
Super Bowl I Score35-10
43%
Super Bowl 50 Score24-10
39%
Super Bowl XLVI Score21-17
37%
Super Bowl X Score21-17
37%
Super Bowl XXXIX Score24-21
37%
Super Bowl VII Score14-7
36%
Super Bowl XLII Score17-14
36%
Super Bowl XLIX Score28-24
36%
Super Bowl LII Score41-33
36%
Super Bowl XXIV Score55-10
36%
Super Bowl III Score16-7
35%
Super Bowl XXXVI Score20-17
35%
Super Bowl XXV Score20-19
34%
Super Bowl XLVIII Score43-8
34%
Super Bowl XLIV Score31-17
33%
Super Bowl XXXIV Score23-16
32%
Super Bowl XLVII Score34-31
32%
Super Bowl XXXII Score31-24
31%
Super Bowl XIII Score35-31
31%
Super Bowl XXIII Score20-16
29%
Super Bowl XXXVIII Score32-29
28%
Super Bowl XXXI Score35-21
28%
Super Bowl XX Score46-10
28%
Super Bowl XL Score21-10
27%
Super Bowl XVII Score27-17
27%
Super Bowl XXX Score27-17
27%
Super Bowl XXVII Score52-17
27%
Super Bowl VI Score24-3
26%
Super Bowl V Score16-13
24%
Super Bowl II Score33-14
24%
Super Bowl XXXVII Score48-21
24%
Super Bowl XII Score27-10
23%
Super Bowl XV Score27-10
23%
Super Bowl XXXV Score34-7
23%
Super Bowl XIX Score38-16
23%
Super Bowl XXIX Score49-26
23%
Super Bowl IX Score16-6
22%
Super Bowl VIII Score24-7
22%
Super Bowl XLIII Score27-23
22%
Super Bowl XLI Score29-17
22%
Super Bowl XLV Score31-25
22%
Super Bowl XXVI Score37-24
22%
Super Bowl XVIII Score38-9
22%
Super Bowl XXVIII Score30-13
20%
Super Bowl XIV Score31-19
20%
Super Bowl XXII Score42-10
19%
Super Bowl XXXIII Score34-19
18%
Super Bowl IV Score23-7
17%
Super Bowl XVI Score26-21
17%
Super Bowl XI Score32-14
16%
Super Bowl XXI Score39-20
16%
Super Bowl LI Score34-28 (OT)
11%

Score Distribution

Percentile by Number Answered

Percent of People with Each Score

Your Score History

You have not taken this quiz